|
|
|
|
| LEADER |
00000naa2a2200000 4500 |
| 001 |
167024 |
| 005 |
20231226163133.0 |
| 035 |
|
|
|a (RuTPU)RU\TPU\book\181179
|
| 090 |
|
|
|a 167024
|
| 100 |
|
|
|a 20091010d2008 k y0rusy50 ca
|
| 101 |
0 |
|
|a rus
|
| 102 |
|
|
|a RU
|
| 200 |
1 |
|
|a Лечебная физкультура, как метод работы со студентами, освобождёнными от физвоспитания
|f В. Л. Солтанова [и др.]
|
| 320 |
|
|
|a Библиогр.: 5 назв.
|
| 463 |
|
0 |
|0 (RuTPU)RU\TPU\book\173906
|t Физическая культура и спорт на современном этапе: проблемы, поиски, решения
|o материалы межрегиональной научно-практической конференции, 12 декабря 2008 г., Томск
|f Томский политехнический университет (ТПУ), Факультет физической культуры
|v С. 150-154
|d 2008
|p 184 с.
|
| 610 |
1 |
|
|a студенты
|
| 610 |
1 |
|
|a физическое состояние
|
| 610 |
1 |
|
|a адаптация
|
| 610 |
1 |
|
|a физические нагрузки
|
| 610 |
1 |
|
|a здоровье
|
| 610 |
1 |
|
|a физическое воспитание
|
| 610 |
1 |
|
|a занятия
|
| 610 |
1 |
|
|a заболеваемость
|
| 610 |
1 |
|
|a первокурсники
|
| 610 |
1 |
|
|a труды учёных ТПУ
|
| 701 |
|
1 |
|a Солтанова
|b В. Л.
|c специалист в области физической культуры и спорта
|c старший преподаватель Томского политехнического университета
|g Виктория Леонидовна
|3 (RuTPU)RU\TPU\pers\29536
|4 070
|
| 701 |
|
1 |
|a Давлетьярова
|b К. В.
|c специалист в области физической культуры и спорта
|c профессор Томского политехнического университета, доктор медицинских наук
|f 1982-
|g Ксения Валентиновна
|3 (RuTPU)RU\TPU\pers\29535
|4 070
|9 14071
|
| 701 |
|
1 |
|a Капилевич
|b Л. В.
|c специалист в области физической культуры и спорта
|c профессор Томского политехнического университета, доктор медицинских наук
|f 1963-
|g Леонид Владимирович
|3 (RuTPU)RU\TPU\pers\24823
|4 070
|9 11028
|
| 701 |
|
1 |
|a Андреев
|b В. И.
|c специалист в области физической культуры и спорта
|c профессор Томского политехнического университета, доктор педагогических наук
|f 1954-
|g Владимир Игоревич
|3 (RuTPU)RU\TPU\pers\24802
|4 070
|9 11017
|
| 801 |
|
1 |
|a RU
|b 63413507
|c 20091010
|
| 801 |
|
2 |
|a RU
|b 63413507
|c 20120530
|g RCR
|
| 942 |
|
|
|c BK
|